Bytový textil

Uložené v:
Podrobná bibliografia
Hlavný autor: Kořánová, Helena
Médium: Kniha
Jazyk:Czech
Vydavateľské údaje: Praha Výzkumný ústav obch. 1984
Edícia:Knižnice VUO č. 180
Tagy: Pridať tag
Žiadne tagy, Buďte prvý, kto otaguje tento záznam!

MARC

LEADER 00000nam a2200000 4500
001 c106501
005 20221207064653.3
041 0 |a cze 
044 |a CZ 
245 1 0 |a Bytový textil  |c Helena Kořánová 
264 1 |a Praha  |b Výzkumný ústav obch.  |c 1984 
300 |a 16 s. 
490 1 |a Knižnice VUO  |v č. 180 
830 0 |a Knižnice VUO  |v č. 180 
100 1 |a Kořánová, Helena